NCAA Names - Statistics

General Stats
  • This quiz has been taken 7 times
  • The average score is 4 of 10
Answer Stats
Hint Answer % Correct
General Booty Louisiana Monroe | UL Monroe
86%
Major Burns LSU | Louisiana State
43%
Phat Phat Brooks Michigan
43%
Dude Person Central Arkansas
29%
Pig Cage Louisiana Tech
29%
Po'Boigh King North Carolina | UNC
29%
Shittah Sillah Purdue
29%
Moh Bility Rice
29%
Tiger Shanks UNLV
29%
Tennessee Rainwater Utah Tech
14%
No matching quizzes found
Score Distribution
Percent of People with Each Score
Percentile by Number Answered
Your Score History
You have not taken this quiz